<Das> Verhalten der Privaten Haushalte am Kapitalmarkt <Eine> empirische Analyse

Salvato in:
Dettagli Bibliografici
Autore principale: Werichert, Ronald
Altri autori: Zietz, Joachim
Natura: Libro
Lingua:tedesco
Pubblicazione: Kiel Institut für Weltwirtschaft 1986
Serie:Arbeitspapier No. 262
Tags: Aggiungi Tag
Nessun Tag, puoi essere il primo ad aggiungerne!!

MARC

LEADER 00000nam a2200000 4500
001 c029095
005 20250526080531.7
041 0 |a ger 
044 |a DE 
245 1 0 |a <Das> Verhalten der Privaten Haushalte am Kapitalmarkt  |b <Eine> empirische Analyse  |c Ronald Werichert, Joachim Zietz 
264 1 |a Kiel  |b Institut für Weltwirtschaft  |c 1986 
300 |a 17 s. 
490 1 |a Arbeitspapier  |v No. 262 
830 0 |a Arbeitspapier  |v No. 262 
100 1 |a Werichert, Ronald 
700 1 |a Zietz, Joachim